[Event "First Saturday 2011 december IM"]
[Site "Budapest"]
[Date "2011.12.09"]
[Round "7"]
[White "Katapodis, Argis Geras"]
[Black "Farago, Sandor"]
[Result "0-1"]
[WhiteElo "2050"]
[BlackElo "2317"]
[PlyCount "80"]
[EventDate "2011.12.03"]

1. e4 c5 2. Nf3 d6 3. d4 cxd4 4. Nxd4 Nf6 5. f3 a6 6. c4 e5 7. Nc2 b5 8. Nc3
bxc4 9. Bxc4 Be6 10. Qd3 Be7 11. Be3 O-O 12. O-O Qc8 13. Nd5 Nxd5 14. Bxd5 Bxd5
15. Qxd5 Nd7 16. Rac1 Qb8 17. b3 Nf6 18. Qa5 Qb7 19. Bg5 Bd8 20. Qd2 Bb6+ 21.
Kh1 Ne8 22. Rfd1 h6 23. Bh4 a5 24. Na3 Bc5 25. Nc4 Qa7 26. h3 g5 27. Be1 a4 28.
b4 Bd4 29. Na5 Be3 30. Qc2 Bxc1 31. Rxc1 Ng7 32. Qxa4 Qe3 33. Qd1 Rfc8 34. Nc6
Rc7 35. Rc2 Ne6 36. Bf2 Qa3 37. Qxd6 Qa4 38. Rc5 Qxa2 39. Be3 Qe2 40. Rc3 Ra2
0-1

[Event "First Saturday 2011 december IM"]
[Site "Budapest"]
[Date "2011.12.09"]
[Round "7"]
[White "Lengyel, Bela"]
[Black "Krumpacnik, Domen"]
[Result "0-1"]
[WhiteElo "2258"]
[BlackElo "2377"]
[PlyCount "50"]
[EventDate "2011.12.03"]

1. e4 e6 2. d4 d5 3. Nc3 dxe4 4. Nxe4 Nd7 5. Nf3 Ngf6 6. Nxf6+ Nxf6 7. Bd3 Be7
8. O-O O-O 9. Qe2 b6 10. Bg5 Bb7 11. Rad1 Qd6 12. Rfe1 c5 13. dxc5 Qxc5 14. Ne5
Rad8 15. c4 Rd6 16. Bd2 Rfd8 17. Bc3 h6 18. a3 Qc7 19. b4 Be4 20. Bxe4 Rxd1 21.
Rxd1 Rxd1+ 22. Qxd1 Nxe4 23. Bb2 Bf6 24. Qd4 Nd6 25. f4 Nxc4 0-1

[Event "First Saturday 2011 december IM"]
[Site "Budapest"]
[Date "2011.12.09"]
[Round "7"]
[White "Szalanczy, Emil"]
[Black "Kantor, Gergely"]
[Result "1-0"]
[WhiteElo "2281"]
[BlackElo "2292"]
[PlyCount "117"]
[EventDate "2011.12.03"]

1. e4 e6 2. d4 d5 3. Nc3 Nf6 4. e5 Nfd7 5. f4 c5 6. Nf3 Nc6 7. Be3 a6 8. g3 Qb6
9. a3 cxd4 10. Nxd4 Bc5 11. Na4 Qa5+ 12. c3 Bxd4 13. Bxd4 Nxd4 14. Qxd4 b6 15.
Qb4 Bb7 16. Bg2 Bc6 17. b3 Bxa4 18. bxa4 Rc8 19. Qxa5 bxa5 20. Kd2 Nc5 21. Rab1
Nxa4 22. c4 O-O 23. cxd5 exd5 24. Rhc1 Nc5 25. Ke2 Ne4 26. Bxe4 dxe4 27. Ke3 f5
28. exf6 gxf6 29. Rxc8 Rxc8 30. Kxe4 Kg7 31. Rb7+ Kg6 32. f5+ Kg5 33. Rg7+ Kh6
34. Rf7 Rc6 35. h4 a4 36. Kd5 Rb6 37. g4 a5 38. Rxf6+ Rxf6 39. g5+ Kg7 40.
gxf6+ Kxf6 41. Ke4 Ke7 42. Ke5 Kf7 43. f6 Kf8 44. Ke6 Ke8 45. Kd6 Kf7 46. Kc5
Kxf6 47. Kb5 Ke5 48. Kxa4 Kd5 49. Kxa5 Kc5 50. h5 h6 51. a4 Kc6 52. Kb4 Kb6 53.
Kc4 Ka5 54. Kd5 Kxa4 55. Ke5 Kb5 56. Kf6 Kc6 57. Kg6 Kd7 58. Kxh6 Ke7 59. Kg7
1-0

[Event "First Saturday 2011 december IM"]
[Site "Budapest"]
[Date "2011.12.10"]
[Round "8"]
[White "Lyell, Mark"]
[Black "Szalanczy, Emil"]
[Result "1-0"]
[WhiteElo "2189"]
[BlackElo "2281"]
[PlyCount "81"]
[EventDate "2011.12.03"]

1. e4 c5 2. Nc3 Nc6 3. Bb5 Nd4 4. Bc4 e6 5. Nge2 Nf6 6. O-O a6 7. d3 b5 8. Bb3
Nxb3 9. axb3 Bb7 10. f4 d5 11. e5 d4 12. exf6 dxc3 13. f5 exf5 14. Rxf5 gxf6
15. bxc3 Bd6 16. Ng3 Be5 17. Qe2 Qe7 18. Ne4 Rg8 19. Bf4 O-O-O 20. Bxe5 fxe5
21. Raf1 Rg7 22. R1f2 Kb8 23. Qe3 c4 24. Nc5 cxd3 25. cxd3 e4 26. d4 Rdg8 27.
Re5 Qc7 28. Nxb7 Qxb7 29. Rxe4 f5 30. Qf4+ Qc7 31. Qxc7+ Rxc7 32. Re3 Rg5 33.
Kf1 Kb7 34. Ke2 f4 35. Ref3 a5 36. Kd3 a4 37. bxa4 bxa4 38. Rxf4 Rb5 39. Rf7
Rxf7 40. Rxf7+ Kb6 41. Rf2 {after 19 move} 1-0

[Event "First Saturday 2011 december IM"]
[Site "Budapest"]
[Date "2011.12.10"]
[Round "8"]
[White "Krumpacnik, Domen"]
[Black "Dolgener, Tobias"]
[Result "1-0"]
[WhiteElo "2377"]
[BlackElo "2231"]
[PlyCount "97"]
[EventDate "2011.12.03"]

1. d4 Nf6 2. Nf3 g6 3. Bf4 Bg7 4. h3 O-O 5. e3 c5 6. c3 d5 7. Nbd2 Qb6 8. Qb3
Nc6 9. Qxb6 axb6 10. Bc7 Nd7 11. Bb5 e5 12. Bxc6 bxc6 13. Nxe5 cxd4 14. exd4
Bxe5 15. dxe5 Ba6 16. Bd6 Nxe5 17. Bxe5 Rae8 18. f4 f6 19. Nf3 fxe5 20. fxe5
Bd3 21. Kd2 Be4 22. Rhf1 Bxf3 23. Rxf3 Rxf3 24. gxf3 Rxe5 25. a4 c5 26. b4 Re6
27. a5 bxa5 28. Rxa5 cxb4 29. cxb4 d4 30. Kd3 Re3+ 31. Kxd4 Rxf3 32. b5 Rxh3
33. Kc4 Rh1 34. b6 Rc1+ 35. Kd5 Rb1 36. Kc6 h5 37. Rb5 Rc1+ 38. Kd7 Rd1+ 39.
Ke7 Re1+ 40. Kf6 Re8 41. b7 Rb8 42. Kxg6 Kf8 43. Kf6 Ke8 44. Ke6 Kf8 45. Kd6
Kg7 46. Kc7 Rxb7+ 47. Kxb7 Kg6 48. Kc6 h4 49. Kd6 1-0

[Event "First Saturday 2011 december IM"]
[Site "Budapest"]
[Date "2011.12.10"]
[Round "8"]
[White "Farago, Sandor"]
[Black "Lengyel, Bela"]
[Result "1/2-1/2"]
[WhiteElo "2317"]
[BlackElo "2258"]
[PlyCount "25"]
[EventDate "2011.12.03"]

1. e4 e5 2. Nf3 Nc6 3. Bb5 a6 4. Ba4 Nf6 5. Qe2 Be7 6. O-O b5 7. Bb3 d6 8. c3
O-O 9. h3 Na5 10. Bc2 c5 11. d4 Qc7 12. d5 Bd7 13. b3 1/2-1/2

[Event "First Saturday 2011 december IM"]
[Site "Budapest"]
[Date "2011.12.10"]
[Round "8"]
[White "Galyas, Miklos"]
[Black "Katapodis, Argis Geras"]
[Result "1-0"]
[WhiteElo "2468"]
[BlackElo "2050"]
[PlyCount "39"]
[EventDate "2011.12.03"]

1. d4 Nf6 2. c4 c5 3. d5 b5 4. f3 bxc4 5. e4 e6 6. Nc3 Bb7 7. Bxc4 exd5 8. Nxd5
Nxd5 9. Bxd5 Bxd5 10. Qxd5 Nc6 11. Ne2 Be7 12. O-O Nb4 13. Qd1 Qb6 14. Be3 Bf6
15. Rc1 Nxa2 16. Bxc5 Qxb2 17. Rc2 Qb5 18. Nd4 Qa5 19. Nf5 Qa6 20. Qd5 1-0

[Event "First Saturday 2011 december IM"]
[Site "Budapest"]
[Date "2011.12.10"]
[Round "8"]
[White "Szeberenyi, Adam"]
[Black "Bagi, Mate"]
[Result "1/2-1/2"]
[WhiteElo "2324"]
[BlackElo "2311"]
[PlyCount "40"]
[EventDate "2011.12.03"]

1. d4 Nf6 2. c4 g6 3. Nf3 Bg7 4. g3 O-O 5. Bg2 d6 6. O-O Nbd7 7. Nc3 e5 8. dxe5
Nxe5 9. Nxe5 dxe5 10. Qxd8 Rxd8 11. Be3 c6 12. Rfd1 Be6 13. b3 Ng4 14. Bd2 f5
15. e4 Rd3 16. Be1 Rad8 17. Rxd3 Rxd3 18. Rd1 Rxd1 19. Nxd1 f4 20. f3 Nf6
1/2-1/2

[Event "First Saturday 2011 december IM"]
[Site "Budapest"]
[Date "2011.12.11"]
[Round "9"]
[White "Katapodis, Argis Geras"]
[Black "Szeberenyi, Adam"]
[Result "0-1"]
[WhiteElo "2050"]
[BlackElo "2324"]
[PlyCount "40"]
[EventDate "2011.12.03"]

1. e4 c5 2. Nf3 d6 3. d4 cxd4 4. Nxd4 Nf6 5. Nc3 a6 6. Be3 e5 7. Nde2 Be6 8. f4
Nbd7 9. f5 Bc4 10. Ng3 Qc7 11. a4 Be7 12. Nh5 Nxh5 13. Qxh5 Nf6 14. Qf3 O-O 15.
Bxc4 Qxc4 16. g4 d5 17. exd5 Bb4 18. O-O-O Bxc3 19. bxc3 Qxc3 20. g5 Rac8 0-1

[Event "First Saturday 2011 december IM"]
[Site "Budapest"]
[Date "2011.12.11"]
[Round "9"]
[White "Lengyel, Bela"]
[Black "Galyas, Miklos"]
[Result "1/2-1/2"]
[WhiteElo "2258"]
[BlackElo "2468"]
[PlyCount "64"]
[EventDate "2011.12.03"]

1. e4 e6 2. d4 d5 3. Nc3 Nc6 4. Nf3 Nf6 5. e5 Ne4 6. Bd3 Bb4 7. Bd2 Nxd2 8.
Qxd2 f6 9. a3 Bxc3 10. Qxc3 fxe5 11. Nxe5 Nxe5 12. dxe5 O-O 13. O-O b6 14. b4
Qe7 15. b5 a6 16. a4 axb5 17. axb5 Qc5 18. Qd2 Bd7 19. Qe2 Qc3 20. Rae1 Rf7 21.
g3 Raf8 22. f4 Qc5+ 23. Kg2 c6 24. bxc6 Bxc6 25. Qg4 d4+ 26. Kg1 Qd5 27. Be4
Qc4 28. Qf3 Rc7 29. Re2 Qc5 30. Kg2 Bb5 31. Bd3 Bc6 32. Be4 Bb5 1/2-1/2

[Event "First Saturday 2011 december IM"]
[Site "Budapest"]
[Date "2011.12.11"]
[Round "9"]
[White "Dolgener, Tobias"]
[Black "Farago, Sandor"]
[Result "0-1"]
[WhiteElo "2231"]
[BlackElo "2317"]
[PlyCount "96"]
[EventDate "2011.12.03"]

1. e4 c5 2. Nf3 d6 3. c3 Nd7 4. d4 e6 5. Bd3 Be7 6. O-O Ngf6 7. Re1 cxd4 8.
cxd4 e5 9. Nc3 O-O 10. Bg5 a6 11. a4 h6 12. Bxf6 Bxf6 13. Bf1 g6 14. Nd5 Bg7
15. dxe5 Nxe5 16. Nxe5 Bxe5 17. Qd2 Be6 18. a5 Rc8 19. Nb6 Rc6 20. f4 Bg7 21.
Rac1 Qc7 22. f5 gxf5 23. exf5 Bxf5 24. Rxc6 Qxc6 25. Nd5 Qc5+ 26. Kh1 Be6 27.
Nf4 Qd4 28. Qxd4 Bxd4 29. g3 Bc8 30. Bg2 Bxb2 31. Nd5 Bd7 32. Rb1 Re8 33. Bf3
Bd4 34. Rd1 Be5 35. Rb1 Bc6 36. Kg2 Bg7 37. g4 Re5 38. Rd1 Kf8 39. Kf2 Ke8 40.
h4 Kd8 41. Rd3 f5 42. g5 hxg5 43. hxg5 Re8 44. Ne3 Be4 45. Rxd6+ Kc7 46. Rd2
Re5 47. Nc4 Rc5 48. Nd6 Bc3 {after 32 move} 0-1

[Event "First Saturday 2011 december IM"]
[Site "Budapest"]
[Date "2011.12.11"]
[Round "9"]
[White "Szalanczy, Emil"]
[Black "Krumpacnik, Domen"]
[Result "1/2-1/2"]
[WhiteElo "2281"]
[BlackElo "2377"]
[PlyCount "116"]
[EventDate "2011.12.03"]

1. e4 e6 2. d4 d5 3. Nc3 dxe4 4. Nxe4 Nd7 5. Nf3 Ngf6 6. Bd3 Nxe4 7. Bxe4 Nf6
8. Bd3 Be7 9. O-O O-O 10. Qe2 b6 11. Bg5 Bb7 12. Rad1 Qd6 13. Rfe1 c5 14. c3
cxd4 15. Bh4 Qd5 16. Bc4 Qh5 17. Rxd4 Bc5 18. Bxf6 Bxf3 19. Qxf3 Qxf3 20. gxf3
gxf6 21. Rd7 Rfd8 22. Red1 Rxd7 23. Rxd7 b5 24. Bd3 a6 25. Be4 Ra7 26. Rd8+ Kg7
27. Kf1 f5 28. Bd3 Bb6 29. Rc8 Rc7 30. Ra8 Ra7 31. Rxa7 Bxa7 32. Ke2 Kf6 33. f4
Bc5 34. h3 Kg6 35. a3 Kh5 36. Kf3 Kh4 37. Bf1 Bb6 38. b4 Bc7 39. c4 bxc4 40.
Bxc4 a5 41. bxa5 Bxa5 42. Bf1 Bb6 43. a4 Bc7 44. Bb5 Kh5 45. Be8 Kg6 46. Ke3
Bb6+ 47. Ke2 Kf6 48. Bb5 h6 49. Bd3 Kg6 50. Ba6 Kh5 51. Bb7 Kh4 52. Bc6 Kxh3
53. Kf3 Kh2 54. Be8 f6 55. Bd7 e5 56. fxe5 fxe5 57. Bxf5 Kg1 58. Ke4 Kxf2
1/2-1/2

[Event "First Saturday 2011 december IM"]
[Site "Budapest"]
[Date "2011.12.11"]
[Round "9"]
[White "Kantor, Gergely"]
[Black "Lyell, Mark"]
[Result "1/2-1/2"]
[WhiteElo "2292"]
[BlackElo "2189"]
[PlyCount "70"]
[EventDate "2011.12.03"]

1. d4 Nf6 2. c4 e6 3. Nc3 Bb4 4. f3 d5 5. a3 Be7 6. e4 dxe4 7. fxe4 e5 8. d5
Bc5 9. Nf3 Ng4 10. b4 Bf2+ 11. Ke2 Bh4 12. g3 Be7 13. h3 Nf6 14. g4 a5 15. Rb1
Na6 16. c5 O-O 17. Nxe5 Qe8 18. Bf4 axb4 19. axb4 Nxe4 20. Nxe4 f5 21. d6 fxe4
22. Qd5+ Kh8 23. dxe7 Rxf4 24. Ke3 Rf6 25. Bxa6 Qxe7 26. Bc4 Be6 27. Qxb7 Ra3+
28. Ke2 Bg8 29. Bxg8 Qxe5 30. Bb3 Rf2+ 31. Kxf2 Qf4+ 32. Ke2 Qf3+ 33. Kd2 Qd3+
34. Ke1 Qe3+ 35. Kd1 Qd3+ 1/2-1/2

[Event "First Saturday 2011 december IM"]
[Site "Budapest"]
[Date "2011.12.12"]
[Round "10"]
[White "Krumpacnik, Domen"]
[Black "Kantor, Gergely"]
[Result "1-0"]
[WhiteElo "2377"]
[BlackElo "2292"]
[PlyCount "127"]
[EventDate "2011.12.03"]

1. d4 Nf6 2. Nf3 e6 3. Bg5 h6 4. Bh4 d6 5. e3 g5 6. Bg3 Nh5 7. Be2 Bg7 8. c4
O-O 9. Nc3 Nd7 10. Qc2 Qe7 11. Nd2 Nxg3 12. hxg3 c5 13. d5 Nf6 14. dxe6 Bxe6
15. O-O d5 16. cxd5 Nxd5 17. Nxd5 Bxd5 18. Rad1 Rfd8 19. Bf3 b6 20. Ne4 Bb7 21.
g4 Rab8 22. b3 Be5 23. Rxd8+ Rxd8 24. Rd1 Rd7 25. Rd2 Qd8 26. Rxd7 Qxd7 27. Nc3
Bxf3 28. gxf3 Kg7 29. Kg2 a6 30. Ne4 Qd5 31. a4 a5 32. Qc4 Qc6 33. Qd3 Qe6 34.
Nd2 Bc7 35. Nc4 Kg8 36. Qe4 Qxe4 37. fxe4 f6 38. Kf3 Kf7 39. Ke2 Kg6 40. f4 h5
41. gxh5+ Kxh5 42. Kf3 Kh4 43. e5 fxe5 44. fxg5 Kxg5 45. Ke4 Kf6 46. Kd5 Kf5
47. Nb2 Kg4 48. Ke4 Kg3 49. Nd3 Kg2 50. Nxe5 Kf2 51. Nc4 Ke2 52. Kd5 Kd3 53.
Kc6 Bd8 54. Nxb6 Kxe3 55. Kxc5 Kd3 56. Nd5 Bh4 57. b4 Bf2+ 58. Kb5 axb4 59.
Nxb4+ Ke4 60. a5 Kf5 61. Kc6 Ke6 62. a6 Ke7 63. Nd5+ Kd8 64. Nb6 1-0

[Event "First Saturday 2011 december IM"]
[Site "Budapest"]
[Date "2011.12.12"]
[Round "10"]
[White "Farago, Sandor"]
[Black "Szalanczy, Emil"]
[Result "0-1"]
[WhiteElo "2317"]
[BlackElo "2281"]
[PlyCount "118"]
[EventDate "2011.12.03"]

1. e4 c5 2. Nf3 d6 3. g3 Nc6 4. Bg2 g6 5. O-O Bg7 6. c3 e5 7. d3 Nge7 8. Bg5 h6
9. Be3 b6 10. Qc1 Ba6 11. Rd1 Rc8 12. Na3 Nd4 13. Qd2 Nxf3+ 14. Bxf3 Bb7 15.
Bg2 d5 16. f4 d4 17. Bf2 Nc6 18. Nc4 b5 19. Nxe5 Nxe5 20. fxe5 Bxe5 21. Rac1 h5
22. cxd4 Bxd4 23. b4 cxb4 24. Qxb4 Bxf2+ 25. Kxf2 Qb6+ 26. d4 a5 27. Rxc8+ Bxc8
28. Qc5 Qxc5 29. dxc5 Ke7 30. Rd6 Be6 31. Ra6 Rc8 32. c6 a4 33. a3 Kd6 34. e5+
Kxe5 35. Ra5 Bc4 36. Ke3 Rc7 37. Ra8 Re7 38. Rb8 h4 39. Bf3 hxg3 40. hxg3 f5
41. Rd8 g5 42. Bg2 f4+ 43. gxf4+ gxf4+ 44. Kf2 Kf6 45. Rd4 Kg5 46. Rd7 Re2+ 47.
Kg1 Be6 48. Rd6 Bg4 49. Rd5+ Kh4 50. Bf1 Rc2 51. Bxb5 Kg3 52. Rg5 Rc1+ 53. Bf1
Rxc6 54. Rg8 Rc1 55. Rg7 Ra1 56. Rh7 f3 57. Rg7 Rxa3 58. Bg2 Ra1+ 59. Bf1 a3
0-1

[Event "First Saturday 2011 december IM"]
[Site "Budapest"]
[Date "2011.12.12"]
[Round "10"]
[White "Galyas, Miklos"]
[Black "Dolgener, Tobias"]
[Result "1-0"]
[WhiteElo "2468"]
[BlackElo "2231"]
[PlyCount "77"]
[EventDate "2011.12.03"]

1. d4 Nf6 2. c4 g6 3. Nc3 d5 4. Nf3 Bg7 5. Bg5 Ne4 6. Bh4 Nxc3 7. bxc3 c5 8.
cxd5 Qxd5 9. e3 cxd4 10. cxd4 Nc6 11. Be2 O-O 12. O-O b6 13. Qb3 Qxb3 14. axb3
e6 15. Nd2 f6 16. Bf3 Bb7 17. Rfc1 Rfc8 18. Ne4 g5 19. Bg3 Na5 20. Rxc8+ Rxc8
21. Nd6 Nxb3 22. Nxc8 Bxf3 23. Rxa7 Be4 24. Nxb6 h5 25. f3 Bg6 26. d5 exd5 27.
Nxd5 f5 28. Ne7+ Kh7 29. Nxf5 Bxf5 30. Be5 Nc5 31. Rxg7+ Kh6 32. Rc7 Nd3 33.
Bd4 h4 34. g4 hxg3 35. hxg3 g4 36. e4 Bg6 37. Be3+ Kh5 38. Rd7 Nb4 39. Bd2 1-0

[Event "First Saturday 2011 december IM"]
[Site "Budapest"]
[Date "2011.12.12"]
[Round "10"]
[White "Szeberenyi, Adam"]
[Black "Lengyel, Bela"]
[Result "1-0"]
[WhiteElo "2324"]
[BlackElo "2258"]
[PlyCount "63"]
[EventDate "2011.12.03"]

1. d4 d5 2. c4 e6 3. Nc3 Nf6 4. cxd5 exd5 5. Bg5 c6 6. Qc2 Be7 7. e3 Nbd7 8.
Bd3 O-O 9. Nge2 Re8 10. O-O Nf8 11. f3 g6 12. Rad1 Ne6 13. Bh4 b6 14. h3 Bb7
15. Kh1 Rc8 16. e4 Nh5 17. Bxe7 Qxe7 18. Qd2 a6 19. g4 Nhg7 20. Bc2 b5 21. a3
Qh4 22. Kg2 Red8 23. b4 Rf8 24. Bb3 Rcd8 25. exd5 cxd5 26. Qa2 Ng5 27. Ng1 N7e6
28. f4 Rc8 29. Nce2 Ne4 30. Bxd5 Nc3 31. Nxc3 Rxc3 32. Bxb7 1-0

[Event "First Saturday 2011 december IM"]
[Site "Budapest"]
[Date "2011.12.12"]
[Round "10"]
[White "Bagi, Mate"]
[Black "Katapodis, Argis Geras"]
[Result "1-0"]
[WhiteElo "2311"]
[BlackElo "2050"]
[PlyCount "75"]
[EventDate "2011.12.03"]

1. e4 e5 2. Nf3 Nc6 3. Bb5 Nf6 4. O-O Bc5 5. c3 O-O 6. d4 Bb6 7. Bg5 h6 8. Bh4
d6 9. Qd3 exd4 10. cxd4 g5 11. Bg3 Nh5 12. Nbd2 a6 13. Bxc6 bxc6 14. Rac1 c5
15. Nc4 Be6 16. d5 Bd7 17. e5 f5 18. exf6 Qxf6 19. Rce1 Rae8 20. Rxe8 Rxe8 21.
Nfd2 Bg4 22. Ne3 Bd7 23. Ndc4 Nf4 24. Qc2 Re7 25. a4 a5 26. b3 h5 27. f3 Be8
28. Qf5 Kg7 29. Qxf6+ Kxf6 30. Kf2 Bg6 31. Rd1 h4 32. Ng4+ Kg7 33. Bxf4 gxf4
34. Rd2 Bf5 35. Kf1 Bh7 36. Nf2 Re3 37. Rb2 Rc3 38. Ne4 1-0

[Event "First Saturday 2011 december IM"]
[Site "Budapest"]
[Date "2011.12.13"]
[Round "11"]
[White "Lengyel, Bela"]
[Black "Bagi, Mate"]
[Result "1-0"]
[WhiteElo "2258"]
[BlackElo "2311"]
[PlyCount "132"]
[EventDate "2011.12.03"]

1. e4 e5 2. Nf3 Nc6 3. Bb5 a6 4. Ba4 Nf6 5. O-O Be7 6. Qe2 b5 7. Bb3 O-O 8. c3
d5 9. d3 Re8 10. Re1 h6 11. Nbd2 Be6 12. h3 Qd7 13. Nf1 Bf8 14. Ng3 Rad8 15.
Bc2 d4 16. Bd2 Bc5 17. Nh4 dxc3 18. bxc3 Ne7 19. Nf3 Ng6 20. Kh2 Bb6 21. Red1
c5 22. a4 Qc6 23. axb5 axb5 24. c4 bxc4 25. dxc4 Ra8 26. Bc3 Bc7 27. Nd2 Nf4
28. Qe3 Nd7 29. Bd3 Nb6 30. Bf1 Na4 31. Nb1 Reb8 32. Be1 Kh7 33. Rc1 Bd8 34.
Bd2 Bg5 35. Qf3 Rb2 36. Be3 Rd8 37. Nc3 Nxc3 38. Rxc3 Qb6 39. Nh5 Ng6 40. Bxg5
hxg5 41. Rca3 Rdd2 42. Ra6 Qb3 43. Qxb3 Rxb3 44. R6a2 Rd4 45. Ng3 Nf4 46. Rc2
Rb4 47. Ra5 Bxc4 48. Bxc4 Rdxc4 49. Rxc5 Rxc5 50. Rxc5 Rb2 51. Kg1 Rxf2 52.
Kxf2 Nd3+ 53. Ke3 Nxc5 54. Nf5 g6 55. Nd6 Kg7 56. Ne8+ Kf8 57. Nd6 Ke7 58. Nc4
f6 59. Kf3 Ke6 60. g4 Kd7 61. Ne3 Kd6 62. Ng2 Nd3 63. Kg3 Nf4 64. Ne3 Kc5 65.
h4 gxh4+ 66. Kxh4 Kd4 1-0

[Event "First Saturday 2011 december IM"]
[Site "Budapest"]
[Date "2011.12.13"]
[Round "11"]
[White "Dolgener, Tobias"]
[Black "Szeberenyi, Adam"]
[Result "0-1"]
[WhiteElo "2231"]
[BlackElo "2324"]
[PlyCount "150"]
[EventDate "2011.12.03"]

1. e4 c5 2. Nf3 d6 3. c3 Nf6 4. Be2 Bd7 5. d3 Bc6 6. O-O Nbd7 7. Re1 e6 8. Bf1
c4 9. Nd4 cxd3 10. Nxc6 bxc6 11. Bxd3 Qc7 12. c4 Be7 13. Nc3 O-O 14. Bg5 Rab8
15. b3 Ne5 16. Bf1 d5 17. cxd5 cxd5 18. Rc1 Nfg4 19. Bf4 Qb6 20. Bg3 f5 21.
exf5 Bc5 22. Na4 Bxf2+ 23. Kh1 Bxg3 24. Nxb6 Nf2+ 25. Kg1 Nxd1 26. hxg3 Rxf5
27. Rxe5 Rxe5 28. Nd7 Re1 29. Nxb8 d4 30. Rc8+ Kf7 31. Rd8 Ne3 32. Rxd4 Rxf1+
33. Kh2 e5 34. Re4 Re1 35. Ra4 e4 36. Rxa7+ Kg6 37. g4 Nxg4+ 38. Kg3 h5 39. Nc6
e3 40. Re7 Kf6 41. Re8 Kg5 42. Re7 h4+ 43. Kf3 Rf1+ 44. Ke2 Rf2+ 45. Kd3 Rd2+
46. Kc3 Rxg2 47. Rxg7+ Kf4 48. Rh7 Kg3 49. Nd4 h3 50. Nf5+ Kf2 51. Nxe3 Rg3 52.
a4 Rxe3+ 53. Kc4 Kg2 54. a5 h2 55. a6 Rh3 56. a7 Rxh7 57. a8=Q+ Kg3 58. Qb8+
Kh3 59. Qa8 Rc7+ 60. Kb5 Rc1 61. Qh8+ Kg3 62. Qb8+ Kg2 63. Qf4 h1=Q 64. Qxg4+
Kf2 65. Qf4+ Ke2 66. Qe5+ Kd3 67. Qg3+ Kd4 68. Qf4+ Kc3 69. Qe5+ Kxb3 70. Qe6+
Kb2 71. Qe5+ Rc3 72. Kb4 Qb7+ 73. Ka4 Qc6+ 74. Kb4 Qc4+ 75. Ka5 Qc5+ 0-1

[Event "First Saturday 2011 december IM"]
[Site "Budapest"]
[Date "2011.12.13"]
[Round "11"]
[White "Szalanczy, Emil"]
[Black "Galyas, Miklos"]
[Result "1/2-1/2"]
[WhiteElo "2281"]
[BlackElo "2468"]
[PlyCount "53"]
[EventDate "2011.12.03"]

1. e4 e6 2. d4 d5 3. Nc3 Nf6 4. e5 Nfd7 5. f4 c5 6. Nf3 Nc6 7. Be3 a6 8. Be2 b5
9. O-O Qb6 10. Bf2 cxd4 11. Nxd4 Nxd4 12. Qxd4 Qxd4 13. Bxd4 Bc5 14. Bxc5 Nxc5
15. b4 Nd7 16. a4 bxa4 17. Rxa4 Bb7 18. Rfa1 O-O 19. Bxa6 Bxa6 20. Rxa6 Rac8
21. R1a3 Rc4 22. Rd6 Nb8 23. b5 g5 24. f5 exf5 25. Nxd5 Rxc2 26. Ne7+ Kh8 27.
Nxf5 {after  17 move} 1/2-1/2

[Event "First Saturday 2011 december IM"]
[Site "Budapest"]
[Date "2011.12.13"]
[Round "11"]
[White "Kantor, Gergely"]
[Black "Farago, Sandor"]
[Result "1-0"]
[WhiteElo "2292"]
[BlackElo "2317"]
[PlyCount "86"]
[EventDate "2011.12.03"]

1. d4 Nf6 2. c4 g6 3. Nc3 Bg7 4. e4 d6 5. Nf3 O-O 6. h3 Nbd7 7. Bg5 e5 8. d5 a6
9. Nd2 c5 10. g4 h6 11. Be3 Nh7 12. h4 Ndf6 13. Be2 Ne8 14. Nf1 b5 15. a3 bxc4
16. Qd2 Rb8 17. Rb1 Nef6 18. Rg1 Qa5 19. g5 hxg5 20. hxg5 Nd7 21. Qc2 Qd8 22.
Bxc4 Nb6 23. Be2 a5 24. Nh2 Bd7 25. Qd2 Na4 26. Nxa4 Bxa4 27. Ng4 Bb5 28. Bxb5
Rxb5 29. Rh1 Qe7 30. Nh6+ Bxh6 31. Rxh6 Rfb8 32. Qe2 Qd7 33. Kf1 Nf8 34. Kg2 c4
35. Rbh1 f5 36. gxf6 Rxb2 37. Qf3 R8b7 38. Rh8+ Kf7 39. R1h7+ Nxh7 40. Rxh7+
Ke8 41. Rxd7 Rxd7 42. Qg4 Rdb7 43. Qxg6+ Kf8 1-0

[Event "First Saturday 2011 december IM"]
[Site "Budapest"]
[Date "2011.12.13"]
[Round "11"]
[White "Lyell, Mark"]
[Black "Krumpacnik, Domen"]
[Result "0-1"]
[WhiteElo "2189"]
[BlackElo "2377"]
[PlyCount "108"]
[EventDate "2011.12.03"]

1. e4 c5 2. Nc3 Nc6 3. Bb5 g6 4. Bxc6 dxc6 5. f4 c4 6. Nf3 Bg4 7. O-O Nf6 8. h3
Bxf3 9. Qxf3 Bg7 10. e5 Nd5 11. b3 Nxc3 12. Qxc3 cxb3 13. axb3 O-O 14. d4 Qd7
15. Bb2 Rfd8 16. Qf3 e6 17. c4 Bf8 18. Rfd1 b6 19. Kh1 Qb7 20. Rd3 Rd7 21. Rad1
a5 22. f5 b5 23. d5 cxd5 24. fxe6 fxe6 25. cxd5 Rxd5 26. Rxd5 exd5 27. Rxd5 a4
28. e6 a3 29. Ba1 Rc8 30. Qd1 Qe7 31. Rxb5 Qxe6 32. Rb7 Qe4 33. Rd7 Bh6 34.
Rd8+ Rxd8 35. Qxd8+ Bf8 36. Qd1 a2 37. Kh2 Kf7 38. Qf1+ Kg8 39. Qf6 h5 40. Qh8+
Kf7 41. Qf6+ Ke8 42. Qh8 Qf4+ 43. Kh1 h4 44. Be5 Qf5 45. Bb2 Qf1+ 46. Kh2 Qf4+
47. Kg1 Kd7 48. Qc3 Bd6 49. Qg7+ Kc8 50. Qc3+ Kb7 51. b4 Qxb4 52. Qg7+ Kc6 53.
Kf1 Qd2 54. Qf6 Qf4+ 0-1